000 00624nam a2200145Ia 4500
008 231221s9999 xx 000 0 und d
020 _a978-1-60327-170-7
041 _aEnglish
100 _aLawrence K. Wang, Nazih K. Shammas, Yung-Tse Hung
245 0 _aAdvanced Biological Treatment Processes
260 _c2009
_bSpringer London
_aNew York
440 _aHandbook of Environmental Engineering
650 _aEnvironmental Engineering/Biotechnology; Waste Water Technology / Water Pollution Control / Water Management / Aquatic Pollution; Industrial Pollution Prevention; Waste Management/Waste Technology
942 _cEB
999 _c227135
_d227135